P.S.A. Pillai's criminal law / (Record no. 95586)

MARC details
000 -LEADER
fixed length control field 00655nam a22002177a 4500
005 - DATE AND TIME OF LATEST TRANSACTION
control field 20150922105050.0
010 ## - LCCN (DPL NO)
LC control number ENG-113805
020 ## - INTERNATIONAL STANDARD BOOK NUMBER
International Standard Book Number 9788180387739
Terms of availability 695.00
035 ## - SYSTEM CONTROL NUMBER
System control number EN-97337
037 ## - SOURCE OF ACQUISITION
Source of stock number/acquisition DBAD/PUB
082 ## - DEWEY DECIMAL CLASSIFICATION NUMBER
Classification number 345.54
100 ## - MAIN ENTRY--PERSONAL NAME
Personal name Pillai, P.S.A.
245 ## - TITLE STATEMENT
Title P.S.A. Pillai's criminal law /
Statement of responsibility, etc by P.S.A. Pillai [and] K.I. Vibhute
250 ## - EDITION STATEMENT
Edition statement 11th ed
260 ## - PUBLICATION, DISTRIBUTION, ETC. (IMPRINT)
Place of publication, distribution, etc Gurgaon
Name of publisher, distributor, etc LexisNexis
Date of publication, distribution, etc 2012
270 ## - ADDRESS
Address 14th Floor, Building No.10, Tower-B, DLF Cyber City, Phase-II
City Gurgaon
Postal code 122002
300 ## - PHYSICAL DESCRIPTION
Extent cii,937p.
Dimensions 25cm(pbk)
500 ## - GENERAL NOTE
General note Includes index
700 ## - ADDED ENTRY--PERSONAL NAME
Personal name Vibhute, K.I.
942 ## - ADDED ENTRY ELEMENTS (KOHA)
Source of classification or shelving scheme Dewey Decimal Classification
Item type English Books
Call number suffix PIL
Classification part 345.54
Holdings
Withdrawn status Lost status Not for loan Collection code Home library Current library Date acquired Source of acquisition Cost, normal purchase price Full call number Barcode Copy number Cost, replacement price Koha item type
    Not For Loan Non-fiction D.B.Act.Division D.B.Act.Division 07/08/2015 DBAD/PUB 695.00 345.54 PIL EN-97337 1 695.00 English Books

© Delhi Public Library
Hit Counter
free hit counter